Open Data Biblioteca Nacional de Portugal


República Portuguesa: Ministério da Cultura
Biblioteca Nacional de Portugal

Catálogo da BNP: acesso por Identificadores Unívocos
Registos Bibliográficos associados ao registo de autoridade

Etiqueta de registo: 00000nkm 2200025 450
001 2281320
003 http://id.bnportugal.gov.pt/bib/catbnp/2281320
100 ## $a20260318d1991 m y0pory01030103ba
101 0# $apor
102 ## $aPT
200 1# $aIV Estágio Internacional de Dança de Lisboa Agripina Vaganova, Ginásio Clube Português, 30 de julho a 10 de agosto de 1991$bVisual gráfico]$fGinásio Clube Português
210 #9 $a[Lisboa]$cGinásio Clube Português,$d1991
215 ## $a1 cartaz$ccolor.$d42x30,2 cm
317 ## $aColeção Madeira Luís
710 01 $aEstágio Internacional de Dança de Lisboa Agripina Vaganova,$d4,$eGinásio Clube Português, Lisboa$f1991$31993378
712 02 $aGinásio Clube Português$36436
801 #0 $aPT$bBN$gRPC
966 ## $lBN$mICONOG$sCT. 16352 V.$x3
971 ## $cCaticonografia5$d20260318
995 ## $aPRR2026

OpendataBNP@bnportugal.pt | Mais informação sobre acesso aos dados BNP